MARC

LEADER 00000nam0a2200000 4500
001 301193
005 20231102001357.0
020 |a RU  |b 83-2352 
035 |a (RuTPU)RU\TPU\book\326365 
090 |a 301193 
100 |a 20150727d1982 m y0rusy5003 ca 
101 0 |a rus 
102 |a RU 
105 |a a j 000zy 
200 1 |a Конструкции промышленных и сельскохозяйственных производственных зданий и сооружений  |e учебное пособие для техникумов  |f Е. Г. Кутухтин, В. А. Коробков 
210 |a Москва  |c Стройиздат  |d 1982 
215 |a 208 с.  |c ил. 
606 1 |a Строительные конструкции  |x Строительная механика  |2 stltpush  |3 (RuTPU)RU\TPU\subj\57340  |9 75202 
610 1 |a промышленные здания 
610 1 |a сельскохозяйственные здания 
610 1 |a несущие конструкции 
610 1 |a ограждающие конструкции 
610 1 |a фундаменты 
610 1 |a стальные каркасы 
610 1 |a сборные железобетонные конструкции 
610 1 |a стены 
610 1 |a покрытия 
610 1 |a фонари 
610 1 |a окна 
610 1 |a учебные пособия 
675 |a 624.01(075.32)  |z rus  |v 3 
700 1 |a Кутухтин  |b Е. Г.  |g Евгений Геннадиевич  |4 070 
701 1 |a Коробков  |b В. А.  |g Владислав Авраамович  |4 070 
801 0 |a RU  |b RuMRKP  |c 19950704  |g psbo 
801 1 |a RU  |b 63413507  |c 20150727 
801 2 |a RU  |b 63413507  |c 20190606  |g RCR 
942 |c BK